MARC details
| 000 -LEADER |
| campo de control de longitud fija |
01456nam a2200349 i 4500 |
| 001 - NÚMERO DE CONTROL |
| campo de control |
198253 |
| 003 - IDENTIFICADOR DE NÚMERO DE CONTROL |
| campo de control |
ES-MaACL |
| 005 - FECHA Y HORA DE LA ÚLTIMA TRANSACCIÓN |
| campo de control |
20260422182305.0 |
| 007 - CAMPO FIJO DE DESCRIPCIÓN FÍSICA--INFORMACIÓN GENERAL |
| campo de control de longitud fija |
ta |
| 008 - DATOS DE LONGITUD FIJA--INFORMACIÓN GENERAL |
| campo de control de longitud fija |
260422s1993 mx a|||| |||| 001 0cspa d |
| 020 ## - NÚMERO INTERNACIONAL ESTÁNDAR DEL LIBRO |
| Número Internacional Estándar del Libro |
968-27-0560-6 |
| 040 ## - FUENTE DE CATALOGACIÓN |
| Centro catalogador/agencia de origen |
ES-MaACL |
| Lengua de catalogación |
spa |
| Centro/agencia transcriptor |
ES-MaACL |
| Normas de descripción |
rda |
| 044 ## - CÓDIGO DEL PAÍS DE LA ENTIDAD EDITORA/PRODUCTORA |
| Código MARC del país |
mx |
| 080 ## - NÚMERO DE LA CLASIFICACIÓN DECIMAL UNIVERSAL |
| Número de la Clasificación Decimal Universal |
929-054.74-055.2(=1:460:100)"1939/75" |
| 100 1# - ENTRADA PRINCIPAL--NOMBRE DE PERSONA |
| Nombre de persona |
Bravo, Blanca |
| Relación |
aut |
| 9 (RLIN) |
31446 |
| Término indicativo de función/relación |
Autor |
| 245 10 - MENCIÓN DEL TÍTULO |
| Título |
Nuevas raíces : |
| Resto del título |
testimonios de mujeres españolas en el exilio / |
| Mención de responsabilidad, etc. |
Blanca Bravo, Milagros Latorre Piquer, Carmen Romero, Leonor Sarmiento, Begoña Alonso, María Tarragona, María Magda Sans, Laura del Castillo, Guillermina Medrano, Amparo Segarra, Genoveva Pons Rotger |
| 250 ## - MENCION DE EDICION |
| Mención de edición |
Primera edición, abril de 1993 |
| 264 #1 - PRODUCCIÓN, PUBLICACIÓN, DISTRIBUCIÓN, FABRICACIÓN Y COPYRIGHT |
| Producción, publicación, distribución, fabricación y copyright |
México D.F. : |
| Nombre del de productor, editor, distribuidor, fabricante |
Editorial Joaquín Mortiz, |
| Fecha de producción, publicación, distribución, fabricación o copyright |
1993 |
| 264 #4 - PRODUCCIÓN, PUBLICACIÓN, DISTRIBUCIÓN, FABRICACIÓN Y COPYRIGHT |
| Fecha de producción, publicación, distribución, fabricación o copyright |
©1993 |
| 300 ## - DESCRIPCIÓN FÍSICA |
| Extensión |
355 páginas : |
| Otras características físicas |
ilustraciones (blanco y negro) ; |
| Dimensiones |
20 cm |
| 336 ## - TIPO DE CONTENIDO |
| Fuente |
rdacontent |
| Término de tipo de contenido |
Texto |
| 337 ## - TIPO DE MEDIO |
| Fuente |
rdamedia |
| Nombre/término del tipo de medio |
sin mediación |
| 338 ## - TIPO DE SOPORTE |
| Fuente |
rdacarrier |
| Nombre/término del tipo de soporte |
volumen |
| 500 ## - NOTA GENERAL |
| Nota general |
Registro provisional |
| 500 ## - NOTA GENERAL |
| Nota general |
Dedicatoria autógrafa: "Para Elena Rocha, afectuosamente Carmen Romero" |
| 500 ## - NOTA GENERAL |
| Nota general |
Índice |
| 650 #4 - PUNTO DE ACCESO ADICIONAL DE MATERIA--TÉRMINO DE MATERIA |
| Término de materia o nombre geográfico como elemento de entrada |
Exiliados españoles- |
| Subdivisión cronológica |
1939-1975 |
| 9 (RLIN) |
12658 |
| 852 ## - LOCALIZACIÓN |
| Ubicación |
ES-MaACL |
| Ubicación en estantería |
Despachos-biblioteca |
| Número de control de estantería |
DB-136 |
| Donativo/Legado |
Donación: Miguel Guedán |
| Encuadernación |
Encuadernación rústica |
| Nota libre |
Dedicatoria autógrafa de una de las autoras |
| itemnumber |
207225 |
| 942 ## - ELEMENTOS DE ENTRADA SECUNDARIOS (KOHA) |
| Tipo de ítem Koha |
Libro impreso |
| Suprimir en OPAC |
No |